000 00826nam a2200253 4500
003 OSt
005 20260601193839.0
008 260421b1973 xxua|||| |||| 00| 0 eng d
040 _aICI
_bspa
_cICI
050 _aNK1520
_b.P36 1973
100 1 _aPapanek, Victor,
_d1923-1998
245 1 _aDesign for the real world :
_bhuman ecology and social change
_cVictor Papanek
260 _aNew York
_bPantheon Books
_c1973
300 _a371 páginas
_c18cm.
336 _atexto
_2rdacontent
337 _asin medio
_2rdamedia
338 _avolumen
_2rdacarrier
500 _aObra fundamental sobre el diseño responsable y su impacto social y ambiental.
650 _aDiseño industrial
_xAspectos sociales.
650 _aDiseño ecológico.
650 _aResponsabilidad social.
650 _aEcología humana.
942 _2lcc
_cB
999 _c21360
_d21360